Výpočet a vypovedacia hodnota ukazovateľov zadlženosti – praktický príklad

Spôsoby zistenia úrovne a typu dlhu podniku. Celková miera zadlženosti, jej časový rámec, zdroj financií a schopnosť podniku vyrovnať sa s dlhom. Prax ukazuje, že podnik sa vie zaobísť aj bez pomoci bánk, no zároveň aj to, že bez bánk to nezvládne. Ukazovatele zadlženosti hovoria o tom, ku ktorej sk...

Celý popis

Uložené v:
Podrobná bibliografia
Hlavný autor: Škriniar, Pavel, 1979-
Médium: Kapitola
Jazyk:Slovak
Predmet:
Tagy: Pridať tag
Žiadne tagy, Buďte prvý, kto otaguje tento záznam!

MARC

LEADER 00000nla a2200000 4500
001 0192648
005 20240502073231.0
041 0 |a slo 
044 |a SK 
245 1 0 |a Výpočet a vypovedacia hodnota ukazovateľov zadlženosti – praktický príklad  |c Pavel Škriniar 
520 |a Spôsoby zistenia úrovne a typu dlhu podniku. Celková miera zadlženosti, jej časový rámec, zdroj financií a schopnosť podniku vyrovnať sa s dlhom. Prax ukazuje, že podnik sa vie zaobísť aj bez pomoci bánk, no zároveň aj to, že bez bánk to nezvládne. Ukazovatele zadlženosti hovoria o tom, ku ktorej skupine podnikov sa analyzovaná firma má zaradiť. 
610 2 0 |a hospodárstvo podniku finančné 
610 2 0 |a financie podnikové 
610 2 0 |a zadlženosť vnútorná 
610 2 0 |a kapitál 
610 2 0 |a záväzky 
610 2 0 |a cash flow 
610 2 0 |a ukazovatele finančné 
100 1 |a Škriniar, Pavel, 1979-